Making America: A History of the United States / (Record no. 615465)

000 -LEADER
fixed length control field 00440nam a22001457a 4500
020 ## - INTERNATIONAL STANDARD BOOK NUMBER
Qualifying information HB.
040 ## - CATALOGING SOURCE
Transcribing agency FIZZA ISHAQ
082 ## - DEWEY DECIMAL CLASSIFICATION NUMBER
Classification number 973
Author Mark BER
100 ## - MAIN ENTRY--PERSONAL NAME
Personal name Berkin , Carol .
9 (RLIN) 132205
245 ## - TITLE STATEMENT
Title Making America: A History of the United States /
Statement of responsibility, etc. Carol Berkin.
250 ## - EDITION STATEMENT
Edition statement 5TH ED.
260 ## - PUBLICATION, DISTRIBUTION, ETC.
Place of publication, distribution, etc. NEW YORK:
Name of publisher, distributor, etc. Houghton Mifflin Company,
Date of publication, distribution, etc. 1998.
300 ## - PHYSICAL DESCRIPTION
Extent A-1 X I-53 Index Inc ill; 968 P. ;
Dimensions ‎ 9 x 1.75 x 10.5 inches
942 ## - ADDED ENTRY ELEMENTS (KOHA)
Source of classification or shelving scheme
Koha item type Book
Holdings
Withdrawn status Lost status Source of classification or shelving scheme Damaged status Not for loan Permanent Location Current Location Shelving location Date acquired Total Checkouts Full call number Barcode Date last seen Price effective from Koha item type
          NUST Baluchistan Campus (NBC) NUST Baluchistan Campus (NBC) General Stacks 12/05/2025   973 BER QD-323 12/05/2025 12/05/2025 Book
© 2023 Central Library, National University of Sciences and Technology. All Rights Reserved.